000
00465nam a2200133Ia 4500
008
100328s9999 xx 000 0 und d
082
_b
9064
100
_a
आपटे ह.ना.
245
_a
डिझेल अथवा ऑॅईल इंजिन्स
260
_b
उद्यम
630
_a
डिझेल अथवा ऑॅईल इंजिन्स
730
_a
डिझेल अथवा ऑॅईल इंजिन्स
942
_c
BOOK
999
_c
504787
_d
504784